Male Equivalent Words Quiz - Statistics

General Stats
  • This quiz has been taken 187 times
  • The average score is 26 of 30
Answer Stats
Female Male % Correct
Sister Brother
100%
Woman Man
100%
Aunt Uncle
99%
Girl Boy
98%
She He
98%
Wife Husband
98%
Queen King
98%
Princess Prince
98%
Daughter Son
98%
Niece Nephew
96%
Goddess God
95%
Heroine Hero
94%
Waitress Waiter
94%
Baroness Baron
92%
Ma'am Sir
92%
Dame Sir
92%
Duchess Duke
91%
Her His
91%
Comedienne Comedian
90%
Headmistress Headmaster
90%
Nun Monk
83%
Lass Lad
80%
Lady Lord
77%
Sorority Fraternity
76%
Aviatrix Aviator
74%
Masseuse Masseur
67%
Witch Warlock
65%
Abbess Abbot
63%
Fishwife Fishmonger
58%
Succubus Incubus
57%
No matching quizzes found
Score Distribution
Percent of People with Each Score
Percentile by Number Answered
Your Score History
You have not taken this quiz